Những điều cần biết đối với người sử dụng máy kéo

שמור ב:
מידע ביבליוגרפי
מחבר ראשי: A V Korokevich
פורמט: ספר
שפה:Undetermined
יצא לאור: Hà Nội KHKT 1980
נושאים:
תגים: הוספת תג
אין תגיות, היה/י הראשונ/ה לתייג את הרשומה!
Thư viện lưu trữ: Trung tâm Học liệu Trường Đại học Cần Thơ
LEADER 00571nam a2200169Ia 4500
001 CTU_14654
008 210402s9999 xx 000 0 und d
082 |a 629.287 
082 |b K84 
100 |a A V Korokevich 
245 0 |a Những điều cần biết đối với người sử dụng máy kéo 
245 2 |c A V Korokevich, I.M.Asiabric, K.A.Iakimuk; Dịch giả: Nguyễn Xuân ái 
260 |a Hà Nội 
260 |b KHKT 
260 |c 1980 
650 |a automobile,tractors 
980 |a Trung tâm Học liệu Trường Đại học Cần Thơ